| 000 | 02246cam a2200385 i 4500 | ||
|---|---|---|---|
| 001 | 19092973 | ||
| 005 | 20220812110827.0 | ||
| 008 | 160513s2017 enk b 001 0 eng | ||
| 010 | _a 2016022514 | ||
| 020 | _a9781138649026 (hbk) | ||
| 020 | _a9781138683006 (pbk) | ||
| 020 | _z9781315626055 (ebk) | ||
| 040 |
_aDLC _beng _cDLC _erda _dDLC |
||
| 042 | _apcc | ||
| 050 | 0 | 0 |
_aK1315 _b.B47 2017 |
| 082 | 0 | 0 |
_a341.481 _bBER |
| 100 | 1 |
_aBernaz, Nadia, _eauthor. _994150 |
|
| 245 | 1 | 0 |
_aBusiness and human rights : _bhistory, law and policy : bridging the accountability gap / Nadia Bernza. |
| 264 | 1 |
_aMilton Park, Abingdon, Oxon ; _aNew York, NY : _bRoutledge Taylor & Francis Group, _c2017. |
|
| 300 |
_aix, 313 pages ; _c25 cm. |
||
| 336 |
_atext _2rdacontent |
||
| 337 |
_aunmediated _2rdamedia |
||
| 338 |
_avolume _2rdacarrier |
||
| 490 | 0 | _aHuman rights and international law | |
| 504 | _aIncludes bibliographical references and index. | ||
| 505 | 0 | _aIntroduction -- The Atlantic slave trade : a "business and human rights" reading -- International labour law : early development and contemporary significance for the field of business and human rights -- Doing business with the Nazis : the criminal prosecution of German industrialists after the Second World War -- Business, international human rights law and international criminal law : shifting boundaries -- Human rights and international economic law : connecting the dots -- International soft law initiatives on business and human rights -- Private regulation in business and human rights -- Shaping law and public policies to address corporate human rights impact -- Business and human rights litigation before domestic courts : progress and remaining obstacles -- The future of business and human rights. | |
| 650 | 0 |
_aCorporate governance _xLaw and legislation. _994145 |
|
| 650 | 0 | _aHuman rights. | |
| 650 | 0 | _aSocial responsibility of business. | |
| 650 | 0 |
_aHuman rights _xEconomic aspects. _994151 |
|
| 650 | 0 |
_aInternational business enterprises _xLaw and legislation. _994152 |
|
| 906 |
_a7 _bcbc _corignew _d1 _eecip _f20 _gy-gencatlg |
||
| 942 |
_2ddc _cBK |
||
| 999 |
_c590420 _d590420 |
||